Y nos dijeron que éramos inmortales /

Gespeichert in:
Bibliographische Detailangaben
1. Verfasser: Dragún, Osvaldo (autor)
Format: Buch
Sprache:Spanisch
Veröffentlicht: Jalapa, : Universidad Veracruzana, 1962, c1962
Tags: Tag hinzufügen
Keine Tags, Fügen Sie das erste Tag hinzu!

MARC

LEADER 00000nam^a2200000^a^4500
001 000622958
005 20260220000000.0
009 20260310133928.965
037 |a Acervo Xavier Clavigero 
041 |a ESP 
091 |a FHG. 00150 
100 |a Dragún, Osvaldo  |e (autor) 
245 1 0 |a Y nos dijeron que éramos inmortales / 
264 4 |a Jalapa, :  |b Universidad Veracruzana,  |c 1962, c1962 
300 |a 117 p. 
336 |a texto  |b txt  |2 rdacontenido 
337 |a sin mediación  |b n  |2 rdamedio 
338 |a volumen  |b nc  |2 rdasoporte 
649 |a XX 
910 |a Fondo Humberto García Bedoy S.J. 
920 |a Impresos - Libros 
930 |a Fondos Especiales 
940 |a Literatura 
905 |a 148 
901 |a 622958-10  |b IT2  |c ESP  |i D  |u 20251023 
902 |a https://opac.biblio.iteso.mx/vufind/Record/000622958